[Event "12th HIT Open A"]
[Site "Nova Gorica SLO"]
[Date "2007.01.30"]
[Round "7"]
[White "Saric,Iv"]
[Black "Biti,O"]
[Result "1-0"]
[WhiteElo "2469"]
[BlackElo "2395"]

1.e4 d6 2.d4 Nf6 3.Nc3 e5 4.Nf3 Nbd7 5.g4 g6 6.g5 Nh5 7.Be3 Bg7 8.Qd2 c6
9.O-O-O Qe7 10.dxe5 dxe5 11.Bh3 O-O 12.Qd6 Qxd6 13.Rxd6 f5 14.Rhd1 Nb6 15.Rd8 Be6
16.Rxa8 Rxa8 17.Nh4 Nf4 18.exf5 Nxh3 19.fxe6 Nf4 20.e7 Re8 21.Bxb6 axb6 22.Rd7 Kf7
23.Rxb7 Rxe7 24.Rxb6 e4 25.Rxc6 h6 26.gxh6 Bxh6 27.Nf5 Nd3+ 28.Kd1 Nxf2+
29.Ke2 gxf5 30.Rxh6 Kg7 31.Rh5 Kg6 32.Nd5 Rb7 33.Nf4+ Kf6 34.Kxf2 Rxb2 35.Ke3 Rxc2
36.Rh6+ Kf7 37.a4 Ra2 38.Ra6 Rxh2 39.Nd5 Rh3+ 40.Kf4 Rf3+ 41.Ke5 e3 42.Ra7+ Kg6
43.Nf4+ Kh6 44.Re7 e2 45.Nxe2 Ra3 46.Ra7 Re3+ 47.Kxf5 Rxe2 48.a5 Rf2+ 49.Ke6 Kg6
50.a6 Rf6+ 51.Kd5 Rf5+ 52.Ke4 Rf6 53.Ra8 Kg7 54.Ke5 Rf7 55.Rb8 Kg6 56.Rb6+ Kg5
57.Re6 Rf5+ 58.Kd6 Rf7 59.Kc6 Kf5 60.Rh6 Ke5 61.Kb6 Rf1 62.a7 Rf8 63.Rh7 Kd6
64.Kb7  1-0

[Event "Open"]
[Site "Moscow RUS"]
[Date "2007.01.31"]
[Round "5"]
[White "Shabanov,Y"]
[Black "Chuprov,D"]
[Result "1/2-1/2"]
[WhiteElo "2422"]
[BlackElo "2534"]

1.e4 d6 2.d4 Nf6 3.Nc3 c6 4.a4 Nbd7 5.Nf3 e5 6.Bc4 Be7 7.O-O O-O 8.Re1 a5
9.h3 Re8 10.Ba2 Bf8 11.Be3 h6 12.Qd2 Rb8 13.Qd3 b5 14.axb5 cxb5 15.Nxb5 Ba6
16.c4 d5 17.dxe5 dxe4 18.Qd1 exf3 19.exf6 Bb4 20.Nc3 fxg2 21.Bf4 Rxe1+ 22.Qxe1 Rc8
23.fxg7 Qh4 24.Qe3 Bxc3 25.bxc3 Qh5 26.Bb3 Nf6 27.Bd1 Qf5 28.Qg3 Bxc4 29.Bg4 Nxg4
30.hxg4 Qe4 31.Qe3 Bd5 32.Rxa5 Qb1+ 33.Qc1 Qd3 34.Ra1 Bc4 35.Be3 Qf1+ 36.Qxf1 gxf1=Q+
37.Rxf1 Bxf1 38.Kxf1 Kxg7 39.Ke2 Kg6 40.Kd3 Rf8 41.Ke4 Re8+ 42.Kd5 Rd8+ 43.Ke4 Rc8
44.Kd4 Rd8+ 45.Ke4 Re8+  1/2-1/2

[Event "12th HIT Open A"]
[Site "Nova Gorica SLO"]
[Date "2007.01.31"]
[Round "8"]
[White "Stevic,H"]
[Black "Sebenik,M"]
[Result "0-1"]
[WhiteElo "2495"]
[BlackElo "2434"]

1.e4 d6 2.d4 Nf6 3.Nc3 e5 4.Nf3 Nbd7 5.g4 Nxg4 6.Rg1 Ngf6 7.Bc4 h6 8.Be3 c6
9.dxe5 dxe5 10.Qd3 b5 11.Bb3 a5 12.a4 bxa4 13.Bc4 a3 14.bxa3 a4 15.Nh4 Qa5
16.Bd2 Ba6 17.Nd5 cxd5 18.Bxa5 Bxc4 19.Qh3 Rxa5 20.Rb1 Nxe4 21.Rb8+ Nxb8
22.Qc8+ Ke7 23.Qc7+ Ke6 24.Qxa5 Bc5 25.Rg4 Bxf2+ 26.Kd1 Nd7 27.Qc7 Bxh4 28.Rxh4 Nd6
29.Qa7 g5 30.Rh3 g4 31.Re3 Rb8 32.Kc1 Ba2 33.c3 Nc4 34.Rg3 Rb1+ 35.Kc2 Rb2+
36.Kd1 Bb3+ 37.Ke1 h5 38.h3 f5 39.hxg4 hxg4 40.Qa8 Nd6 41.Qg8+ Ke7 42.Qh7+ Kd8
43.Qg8+ Kc7 44.Qa8 Ne4 45.Rd3 Rb1+ 46.Ke2 Bc4 47.Qa5+ Kd6  0-1

[Event "12th HIT Open A"]
[Site "Nova Gorica SLO"]
[Date "2007.01.31"]
[Round "8"]
[White "Miletic,De"]
[Black "Tratar,M"]
[Result "1/2-1/2"]
[WhiteElo "2139"]
[BlackElo "2478"]

1.e4 d6 2.d4 Nf6 3.Nc3 e5 4.Nf3 Nbd7 5.Bc4 Be7 6.O-O O-O 7.Re1 a6 8.a4 b6
9.b3 c6 10.Bb2 Qc7 11.Qd2 Rb8 12.Rad1 b5 13.Bd3 Re8 14.axb5 axb5 15.Ne2 Bf8
16.Ng3 g6 17.h3 Bg7 18.Ra1 exd4 19.Bxd4 Ne5 20.Nxe5 dxe5 21.Be3 Be6  1/2-1/2

[Event "12th HIT Open A"]
[Site "Nova Gorica SLO"]
[Date "2007.01.31"]
[Round "8"]
[White "Mestrovic,Z"]
[Black "Biti,O"]
[Result "1-0"]
[WhiteElo "2302"]
[BlackElo "2395"]

1.e4 d6 2.d4 Nf6 3.Nc3 e5 4.Nf3 Nbd7 5.b3 c6 6.Bb2 Be7 7.Bd3 O-O 8.O-O Re8
9.Ne2 exd4 10.Nfxd4 Bf8 11.Ng3 g6 12.Qd2 Ng4 13.Be2 Nc5 14.Bxg4 Bxg4 15.Rae1 Bg7
16.f4 Bc8 17.f5 Nd7 18.c4 Ne5 19.Kh1 Bd7 20.Nf3 Nxf3 21.Rxf3 Bxb2 22.Qxb2 Qh4
23.Ref1 Rf8 24.Qd4 Rad8 25.Qxa7 Bc8 26.Qd4 c5 27.Qd5 Qe7 28.fxg6 hxg6 29.Rf6 Qe5
30.Rxg6+ Kh7 31.Rgf6 Qxd5 32.cxd5 b5 33.Rxf7+ Rxf7 34.Rxf7+ Kg6 35.Rf1 Ba6
36.Nf5 c4 37.b4 Bc8 38.Nd4 Bd7 39.a3 Re8 40.Rf4 c3 41.Nc2 Rc8 42.g3 Kg5 43.h4+ Kh5
44.Kg2 Bg4 45.Rf1 Be2 46.Rc1 Bd3 47.Kf3 Re8 48.Ke3 Bxe4 49.Kd4 Kg4 50.Ne3+ Kxg3
51.Rxc3 Kxh4 52.Rc6 Bb1 53.Nd1 Re4+ 54.Kc3 Re1 55.Kd2 Re5 56.Nc3 Bh7 57.Rxd6 Bg8
58.Kd3 Kg5 59.Ne4+ Kh4 60.Kd4 Rh5 61.Nf6 Rh6 62.Ke5 Bh7 63.Nxh7  1-0

[Event "Open"]
[Site "Moscow RUS"]
[Date "2007.02.02"]
[Round "7"]
[White "Chadaev,N"]
[Black "Kazhgaleyev,M"]
[Result "0-1"]
[WhiteElo "2484"]
[BlackElo "2579"]

1.e4 d6 2.d4 Nf6 3.Nc3 Nbd7 4.Nf3 e5 5.Bc4 Be7 6.O-O O-O 7.Re1 c6 8.a4 b6
9.d5 cxd5 10.Nxd5 Bb7 11.b3 Rc8 12.Re2 Nc5 13.Nxf6+ Bxf6 14.Bd5 Qd7 15.Ba3 Bxd5
16.Qxd5 Rfd8 17.Rd1 Ne6 18.Bc1 Rc3 19.Be3 Qc7 20.Qd2 h6 21.h3 Rc8 22.Qd5 Bg5
23.Nxg5 hxg5 24.Kh2 Rd8 25.a5 Nf4 26.axb6 axb6 27.Bxf4 gxf4 28.Qd2 b5 29.f3 b4
30.Ra1 Rc8 31.Ra2 Qc5 32.Ra6 Rd8 33.Ra1 g6 34.Rd1 Kg7 35.Ra1 d5 36.exd5 Rxd5
37.Qe1 Rxc2 38.Rxc2 Qxc2 39.Qxb4 Rd2 40.Rg1 Qb2 41.Qb8 Rf2 42.Kh1 Re2 43.b4 Re3
44.Qd6 Re2 45.Qb8 Qc3 46.b5 Rb2 47.b6 Rb5 48.b7 Qc5 49.Qc8 Qa7 50.Qe8 Qxb7
51.Re1 Qd5 52.Kh2 Ra5 53.Qe7 Qd4 54.Qe8 Qb2 55.Qe7 Qc3 56.Rb1 Qc5 57.Qd8 Qd5
58.Qe7 Rb5 59.Rc1 Rb7 60.Qe8 Qb5 61.Qa8 Rb8 62.Qe4 Rd8 63.Rb1 Qd5 64.Qe2 Qd4
65.Rb7 Ra8 66.Rb5 Kf6 67.Rb1 Ra1 68.Rxa1 Qxa1 69.Qf2 Qd4 70.Qh4+ Ke6 71.Qg4+ Kf6
72.Qh4+ Kg7 73.Qe7 Qd5 74.Kh1 Qe6 75.Qb7 Qd6 76.Kh2 Qe6 77.Qc7 g5 78.Qd8 f6
79.Qc7+ Kg6 80.Qd8 f5 81.h4 g4 82.Qh8 e4 83.h5+ Kg5 84.fxe4 fxe4 85.Kg1 g3
86.Kf1 f3 87.Qg7+ Kh4 88.Ke1  0-1

[Event "TCh-BEL 2006-7"]
[Site "Belgium BEL"]
[Date "2007.02.08"]
[Round "7"]
[White "Fridman,D2"]
[Black "Belkhodja,S"]
[Result "1-0"]
[WhiteElo "2626"]
[BlackElo "2487"]

1.d4 d6 2.e4 Nf6 3.Nc3 Nbd7 4.g4 h6 5.Bg2 e5 6.h3 a6 7.a4 c5 8.dxe5 dxe5
9.Nge2 c4 10.Ng3 Bc5 11.Nf5 O-O 12.Qe2 Re8 13.O-O Nf8 14.Qxc4 b6 15.b4 Bd4
16.Nxd4 exd4 17.Nd5 Nxe4 18.Qxd4 f5 19.Bb2 Ne6 20.Qd3 Bb7 21.Rad1 Qh4 22.gxf5 N6g5
23.Qd4  1-0

[Event "TCh-FRA Top 16 GpA"]
[Site "Marseille FRA"]
[Date "2007.02.10"]
[Round "2"]
[White "Vaisser,A"]
[Black "Kazhgaleyev,M"]
[Result "0-1"]
[WhiteElo "2554"]
[BlackElo "2579"]

1.d4 d6 2.e4 Nf6 3.Nc3 Nbd7 4.f4 e5 5.Nf3 exd4 6.Qxd4 c6 7.Be3 d5 8.exd5 Bc5
9.Qd3 Qe7 10.Nd4 Nb6 11.dxc6 bxc6 12.Be2 Ba6 13.Qd2 Ng4 14.Bg1 Nc4 15.Qd3 Nge3
16.Bxe3 Nxe3 17.Qxa6 O-O 18.Qxc6 Bxd4 19.Nd5 Nxd5 20.Qxd5 Rfe8 21.Qf3 Qb4+
22.Kf1 Rac8 23.Bd3 Re3 24.Qd5 Rxd3 25.Qf5 Rxc2  0-1

[Event "64th ch-POL"]
[Site "Opole POL"]
[Date "2007.02.10"]
[Round "2"]
[White "Bartel,Mat"]
[Black "Markowski,T"]
[Result "1/2-1/2"]
[WhiteElo "2587"]
[BlackElo "2553"]

1.e4 d6 2.d4 Nf6 3.Nc3 e5 4.Nf3 Nbd7 5.Bc4 Be7 6.O-O O-O 7.a4 c6 8.Ba2 a5
9.Re1 Qb6 10.h3 exd4 11.Qxd4 Qb4 12.Bd2 Ne5 13.Qe3 Nc4 14.Bxc4 Qxc4 15.b3 Qe6
16.Rad1 Re8 17.Bc1 Bf8 18.Ba3 Nd7 19.Rd3 Qg6 20.Nh4 Qf6 21.Qg3 Ne5 22.Rdd1 Be7
23.Nf3 Nxf3+ 24.Qxf3 Qxf3 25.gxf3 Bf6 26.Ne2 d5 27.Kh2 dxe4 28.Ng3 Be5 29.fxe4 f5
30.Bd6 Bxg3+ 31.fxg3 fxe4 32.g4 Be6 33.Rxe4 Bd5 34.Rxe8+ Rxe8 35.Rd2 Bf3
36.Kg3 Re2 37.Rxe2 Bxe2 38.Bc7 Bd1 39.c4 c5 40.Bxa5 Bxb3 41.Bb6 Bxa4 42.Bxc5 Bb3
43.Kf4 Bxc4 44.Bb6 Kf7 45.h4 Be2 46.h5 Bd1  1/2-1/2

[Event "TCh-FRA Top 16 GpA"]
[Site "Vandoeuvre FRA"]
[Date "2007.02.10"]
[Round "2"]
[White "Lam,S"]
[Black "Lallemand,R"]
[Result "0-1"]
[WhiteElo "2067"]
[BlackElo "2202"]

1.e4 d6 2.d4 Nf6 3.Nc3 Nbd7 4.f4 e5 5.Nf3 exd4 6.Qxd4 c6 7.Bc4 d5 8.exd5 Bc5
9.Qd3 O-O 10.Bd2 Re8+ 11.Ne2 cxd5 12.Bb3 Nb6 13.h3 Ne4 14.Ng5 Bf2+ 15.Kf1 Bf5
16.Nxe4 Bxe4 17.Qb5 Qh4 18.Be1 Bxe1 19.Rxe1 Qf6 20.Kg1 Qg6 21.Rh2 Bxc2 22.Bxc2 Qxc2
23.g4 Qd2 24.Rf1 Qe3+ 25.Kh1 d4 26.Nc1 Rac8 27.Nd3 Nc4 28.Nc5 Nd2 29.Ra1 Qf3+
30.Kg1 Qg3+ 31.Kh1 Nf3  0-1

[Event "TCh-BEL 2006-7"]
[Site "Belgium BEL"]
[Date "2007.02.11"]
[Round "8"]
[White "Leenhouts,K"]
[Black "Dutreeuw,M"]
[Result "1/2-1/2"]
[WhiteElo "2404"]
[BlackElo "2385"]

1.e4 d6 2.d4 Nf6 3.Nc3 e5 4.Nf3 Nbd7 5.g4 Nxg4 6.Rg1 exd4 7.Nxd4 Nde5 8.h3 Nf6
9.Be3 c5 10.Nb3 Be6 11.f4 Nc4 12.Qf3 Qb6 13.O-O-O O-O-O 14.Bf2 g6 15.Na4 Qc6
16.Naxc5 dxc5 17.Rxd8+ Kxd8 18.Qc3 Be7 19.Bxc4 Bxc4 20.Qxc4 Qxe4 21.Qc3 Re8
22.Nxc5 Qxf4+ 23.Be3 Qc7 24.Rf1 Kc8 25.Bd4 Nd7 26.Nxd7 Qxc3 27.Bxc3 Bg5+
28.Kb1 Kxd7 29.Rxf7+ Re7 30.Rf3 Re3 31.Rf7+ Re7 32.Rf8 Re8 33.Rf1 Re3 34.Bd2 Rg3
35.Bxg5 Rxg5 36.c4 Ke6 37.b4 Rg3 38.Re1+ Kd7 39.Rd1+ Kc7 40.Rf1 Rxh3 41.Rf7+ Kc8
42.Rf8+ Kd7 43.Rf7+ Kc8  1/2-1/2

[Event "ch-CZE"]
[Site "Praha CZE"]
[Date "2007.02.12"]
[Round "7"]
[White "Simacek,P"]
[Black "Voloshin,L"]
[Result "1/2-1/2"]
[WhiteElo "2501"]
[BlackElo "2446"]

1.e4 d6 2.d4 Nf6 3.Nc3 e5 4.Nf3 Nbd7 5.Bc4 Be7 6.O-O O-O 7.Re1 c6 8.a4 a5
9.b3 exd4 10.Nxd4 Nc5 11.Bb2 Re8 12.f3 Qc7 13.Qd2 Bd7 14.Rad1 Rad8 15.Qf2 Bc8
16.Bc1 Nfd7 17.Nf5 Ne5 18.Nxe7+ Qxe7 19.Bf1 f6 20.Ba3 b6 21.Ne2 Kh8 22.Nd4 Qc7
23.Qg3 Re7 24.Kh1 Rde8 25.Re2 Ba6 26.Red2 Bxf1 27.Rxf1 Rd7 28.Nf5 d5 29.exd5 Rxd5
30.Rxd5 cxd5 31.Re1 Qd7 32.Nd4 h6 33.Qf2 Nc6 34.Bxc5 bxc5 35.Nxc6 Qxc6 36.Rxe8+ Qxe8
37.Qxc5 Qe1+ 38.Qg1 Qd2 39.Qb1 d4 40.Kg1 Qe2 41.Qc1 h5 42.h3 Kh7 43.Kh2 Qe5+
44.Kg1 Qe2 45.h4 Kg6 46.Kh2 Qe5+ 47.Kg1 Qe2 48.Kh2 Qe5+ 49.Kh3 Qe6+ 50.Kg3 Qe2
51.Qf4 Qxc2 52.Qxd4  1/2-1/2

[Event "64th ch-POL"]
[Site "Opole POL"]
[Date "2007.02.14"]
[Round "6"]
[White "Grabarczyk,B"]
[Black "Markowski,T"]
[Result "0-1"]
[WhiteElo "2441"]
[BlackElo "2553"]

1.e4 d6 2.d4 Nf6 3.Nc3 e5 4.Nge2 Nc6 5.f3 Be7 6.d5 Nb8 7.Be3 c6 8.Qd2 cxd5
9.exd5 O-O 10.O-O-O Qa5 11.g4 b5 12.g5 Ne8 13.Kb1 b4 14.Ne4 Nd7 15.N2g3 Nb6
16.a3 Nc7 17.axb4 Qxd5 18.Qe1 Qc6 19.Rg1 Nbd5 20.Bd3 Kh8 21.Bd2 Be6 22.Nh5 a5
23.bxa5 Rfb8 24.c4 Qa4 25.cxd5 Rxb2+ 26.Kxb2 Rb8+ 27.Bb4 Rxb4+ 28.Kc1 Nxd5
29.Qf2 Qa3+ 30.Kd2 Rb2+ 31.Ke1 Rxf2 32.Kxf2 g6 33.Bc4 Qxa5 34.Bxd5 Bxd5 35.Nhf6 Bxe4
36.Nxe4 d5  0-1

[Event "ch-St Petersburg sf"]
[Site "St Petersburg RUS"]
[Date "2007.02.14"]
[Round "5"]
[White "Matlakov,M"]
[Black "Golovankov,V"]
[Result "1-0"]
[WhiteElo "2452"]
[BlackElo "2289"]

1.e4 d6 2.d4 Nf6 3.Nc3 Nbd7 4.Nf3 e5 5.g4 Nxg4 6.Rg1 exd4 7.Nxd4 Nde5 8.h3 Nf6
9.Be3 a6 10.f4 Nc6 11.Qf3 Nxd4 12.Bxd4 c5 13.Bf2 Bd7 14.O-O-O Bc6 15.Bxc5 dxc5
16.Rxd8+ Rxd8 17.Qe3 g6 18.e5 Nd5 19.Nxd5 Bxd5 20.Bd3 h5 21.e6 Bxe6 22.Bxg6 Kd7
23.Rd1+ Kc8 24.Rxd8+ Kxd8 25.Be4 b5 26.Qd2+ Ke7 27.Qc3  1-0

[Event "ch-St Petersburg sf"]
[Site "St Petersburg RUS"]
[Date "2007.02.15"]
[Round "6"]
[White "Kryschilovskij,A"]
[Black "Savinov,L"]
[Result "1-0"]
[WhiteElo "2339"]
[BlackElo "2159"]

1.d4 d6 2.e4 Nf6 3.Nc3 c6 4.Nf3 g6 5.Be2 Bg7 6.O-O O-O 7.h3 b5 8.a3 Bb7 9.Bd3 Qc7
10.e5 dxe5 11.dxe5 Nfd7 12.e6 fxe6 13.h4 Na6 14.h5 Rf6 15.hxg6 hxg6 16.Ne4 Rf5
17.Nh4 Nf8 18.Qg4 Kf7 19.Ng5+ Kf6 20.Bd2 Bc8 21.f4 e5 22.Bc3 Qb6+ 23.Kh1  1-0

[Event "ch-St Petersburg sf"]
[Site "St Petersburg RUS"]
[Date "2007.02.17"]
[Round "8"]
[White "Nikitinyh,B"]
[Black "Golovankov,V"]
[Result "1/2-1/2"]
[WhiteElo "2266"]
[BlackElo "2289"]

1.e4 d6 2.d4 Nf6 3.Nc3 Nbd7 4.Nf3 e5 5.Be2 Be7 6.O-O O-O 7.h3 c6 8.Be3 Re8
9.Qd2 Qc7 10.Rad1 b5 11.Bd3 a6 12.Ne2 exd4 13.Bxd4 c5 14.Bxf6 Nxf6 15.c3 Bb7
16.Ng3 d5 17.e5 Ne4 18.Qf4 Nxg3 19.Qxg3 Rad8 20.Nh2 d4 21.Ng4 Qb6 22.cxd4 Rxd4
23.Rde1 Red8 24.Bf5 h5 25.Ne3 Bh4 26.Qh2 g6 27.e6 Qd6 28.Qxd6 R4xd6 29.exf7+ Kxf7
30.Bc2 Bf6 31.b3 Bc3 32.Re2 Bd2 33.Rd1 Bxe3 34.Rxd6 Rxd6 35.Rxe3 Rd2 36.Rc3 Rd5
37.Kf1 Rg5 38.g3 b4 39.Re3 Bc8 40.h4 Rd5 41.Bd3 Kf6 42.Ke2 Bg4+ 43.f3 Bf5
44.Bxa6 Bb1 45.Bc4 Re5 46.Kd2 Rxe3 47.Kxe3 Ke5 48.g4 hxg4 49.fxg4 Bxa2 50.h5 gxh5
51.gxh5 Bb1 52.h6  1/2-1/2

[Event "Aeroflot Open"]
[Site "Moscow RUS"]
[Date "2007.02.19"]
[Round "6"]
[White "Asrian,K"]
[Black "Bocharov,D"]
[Result "1/2-1/2"]
[WhiteElo "2634"]
[BlackElo "2602"]

1.e4 d6 2.d4 Nf6 3.Nc3 e5 4.dxe5 dxe5 5.Qxd8+ Kxd8 6.Bc4 Ke8 7.Nf3 Bd6 8.Bg5 Nbd7
9.O-O-O a6 10.a4 h6 11.Bh4 b6 12.Rhe1 Bb7 13.h3 g5 14.Bg3 Ke7 15.Re2 Rhe8
16.Nh2 Rad8 17.Nf1 Nc5 18.f3 Nh5 19.Bf2 Nf4 20.Red2 Nce6 21.Ne3 Bb4 22.Nf5+ Kf8
23.Rxd8 Rxd8 24.Rxd8+ Nxd8 25.Na2 Be7 26.Bf1 h5 27.g3 Ng6 28.Bc4 h4 29.gxh4 Nxh4
30.Nxh4 gxh4 31.Nc3 Bc8 32.Bf1 Ne6 33.Nd5 Bg5+ 34.Kd1 Bb7 35.c3 a5 36.Ne3 Nf4
37.Nf5 Bc8 38.Bxh4 Bxh4 39.Nxh4 Nxh3 40.Ng2 Ng5 41.Be2 Bd7 42.b3 Be6 43.Kc2 Ke7
44.Ne3 Nh3 45.b4 Ng1 46.Bd1 Kf6 47.Nd5+ Bxd5 48.exd5 Ke7 49.Kd3 Kd6 50.Kc4 f5
51.Kb5 Kxd5 52.bxa5 bxa5 53.Kxa5 e4 54.fxe4+ fxe4 55.Kb5 e3 56.a5 e2 57.Bxe2 Nxe2
58.a6 Nxc3+ 59.Kb4 Na2+ 60.Ka3 Nc3 61.Kb4 Ne2  1/2-1/2

[Event "4th ch-Mediterranean"]
[Site "Cannes FRA"]
[Date "2007.02.20"]
[Round "4"]
[White "Georgiadis,I"]
[Black "Belkhodja,S"]
[Result "1/2-1/2"]
[WhiteElo "2388"]
[BlackElo "2487"]

1.e4 d6 2.d4 Nf6 3.Nc3 e5 4.dxe5 dxe5 5.Qxd8+ Kxd8 6.Bg5 Be6 7.O-O-O+ Nd7
8.f4 exf4 9.Nf3 h6 10.Bxf4 c6 11.Nd4 Bb4 12.Nxe6+ fxe6 13.Bc4 Re8 14.Rhf1 Bxc3
15.bxc3 e5 16.Be3 Kc7 17.Bf7 Re7 18.Bg6 b6 19.h3 Rh8 20.Rd2 Nc5 21.Bxc5 bxc5
22.g4 Rd8 23.Rg2 Rd6 24.g5 hxg5 25.Rxg5 Rd8 26.Bf5 Rf8 27.Rfg1 Ne8 28.Kd2 Rf6
29.Ke2 Rh6 30.R1g3 c4 31.Rg1 c5 32.Rg6 Rxg6  1/2-1/2

[Event "64th ch-POL"]
[Site "Opole POL"]
[Date "2007.02.20"]
[Round "11"]
[White "Macieja,B"]
[Black "Lubczynski,R"]
[Result "1-0"]
[WhiteElo "2629"]
[BlackElo "2383"]

1.e4 d6 2.d4 Nf6 3.Nc3 e5 4.Nf3 Nbd7 5.Bc4 Be7 6.O-O O-O 7.a4 c6 8.Re1 a5
9.h3 h6 10.b3 Qc7 11.Ba3 Re8 12.Qd2 Nf8 13.d5 Ng6 14.Rad1 Rd8 15.Kh2 Nh7
16.g3 Ng5 17.Nxg5 hxg5 18.Qe2 Bf6 19.dxc6 bxc6 20.Qh5 Ba6 21.Bxa6 Rxa6 22.Rd3 Nf8
23.Red1 Be7 24.Qe2 Ne6 25.Bxd6 Bxd6 26.Rxd6 Rxd6 27.Qxa6 Nd4 28.Kg2 Nxc2
29.Nb5 cxb5 30.Qxd6 Qc3 31.axb5 Nd4 32.Rxd4  1-0

[Event "14th Belisce Metalis Open"]
[Site "Bizovac CRO"]
[Date "2007.02.23"]
[Round "3"]
[White "Perunovic,Mil"]
[Black "Jurkovic,A"]
[Result "1-0"]
[WhiteElo "2547"]
[BlackElo "2348"]

1.e4 d6 2.d4 Nf6 3.Nc3 Nbd7 4.Nf3 e5 5.Bc4 Be7 6.O-O O-O 7.Re1 Nb6 8.Bf1 Bg4
9.dxe5 Bxf3 10.Qxf3 dxe5 11.Qg3 Nbd7 12.Rd1 c6 13.Bh6 Ne8 14.Qg4 f5 15.exf5 Qc7
16.Qc4+ Kh8 17.Nb5 Qb6 18.Rxd7 cxb5 19.Qxb5 Qxh6 20.Rxe7 Nd6 21.Qxe5 Rxf5
22.Qe3 Qf6 23.Rd1 Rxf2 24.Re6 Qf7 25.Rexd6 Rf8 26.Bc4 Qf5 27.Rd8 Qxc2 28.Rxf8+ Rxf8
29.Qe2  1-0

[Event "Open A"]
[Site "Cannes FRA"]
[Date "2007.02.23"]
[Round "7"]
[White "Gambini,S"]
[Black "Caen,E"]
[Result "1/2-1/2"]
[WhiteElo "2000"]
[BlackElo "1901"]

1.e4 d6 2.d4 Nf6 3.Nc3 e5 4.Nf3 Nbd7 5.Be2 Be7 6.O-O O-O 7.h3 h6 8.Be3 Re8
9.Qd2 Nh7 10.Bc4 Bf6 11.Nd5 c6 12.Nxf6+ Qxf6 13.Rae1 Ndf8 14.Nh2 Be6 15.d5 Bd7
16.f4 c5 17.fxe5 Qxe5 18.Bf4 Qf6 19.e5 dxe5 20.Bg3 Qd6 21.Qf2 f6 22.Bb3 Ng5
23.h4 Nf7 24.Nf3 b5 25.c4 a5 26.Nd2 Rec8 27.Ne4 Qb6 28.a3 Be8 29.Rd1 Nd7
30.Qe2 bxc4 31.Bxc4 Nd6 32.Ba2 Nxe4 33.Qxe4 Qd6 34.Bb1 g6 35.Qg4 h5 36.Qf3 Kg7
37.Be1 Bf7 38.g4 Rh8 39.g5 f5 40.Bc3 Rhe8 41.Rf2 Re7 42.Rg2 Ra6 43.Bxf5 gxf5
44.g6 Bxg6 45.Qxf5 Kh7 46.Qh3 Rg7 47.Qe3 c4 48.Qe2 Qe7 49.Qxc4 Qc5+ 50.Qxc5 Nxc5
51.Bxe5 Rd7 52.b4 axb4 53.axb4 Nb7 54.Rg5 Rb6 55.Bc3 Nd6 56.Re5 Ne4 57.Ba1 Rxb4
58.Re1 Kg8 59.Re6 Kh7 60.Re5 Rb5 61.Rd1 Nf6 62.Rf1 Ng4 63.Ree1 Rbxd5 64.Rf8 Bf5
65.Rh8+ Kg6 66.Rg8+ Kf7 67.Rg7+ Kf8 68.Rg5 Rf7 69.Rxh5 Rh7  1/2-1/2

[Event "Masters"]
[Site "Bunratty IRL"]
[Date "2007.02.24"]
[Round "2"]
[White "Richards,H"]
[Black "Collins,S IRL"]
[Result "0-1"]
[WhiteElo "2220"]
[BlackElo "2398"]

1.e4 d6 2.d4 Nf6 3.Nc3 e5 4.Nf3 Nbd7 5.Bg5 Be7 6.Bc4 c6 7.Bb3 O-O 8.O-O h6
9.Bh4 Nh5 10.Bg3 Nxg3 11.hxg3 Bf6 12.Ne2 exd4 13.Nexd4 Nc5 14.Re1 Re8 15.c3 Nxe4
16.Bc2 d5 17.Qd3 g6 18.Qe3 Bg7 19.Nh4 Bd7 20.Qd3 Qf6 21.f4 Rad8 22.Rf1 c5
23.Ne2 Qb6 24.Kh2 Bb5 25.Qf3 Nd2  0-1

[Event "Masters"]
[Site "Bunratty IRL"]
[Date "2007.02.24"]
[Round "4"]
[White "Jones,G"]
[Black "Collins,S IRL"]
[Result "1-0"]
[WhiteElo "2509"]
[BlackElo "2398"]

1.e4 d6 2.d4 Nf6 3.Nc3 e5 4.Nf3 Nbd7 5.Bc4 Be7 6.O-O c6 7.a4 O-O 8.Re1 b6
9.d5 cxd5 10.Bxd5 Nxd5 11.Nxd5 Nf6 12.Nxf6+ Bxf6 13.c4 Qc7 14.b3 Bg4 15.Ba3 Rfd8
16.h3 Be6 17.Qd3 a6 18.Red1 Be7 19.Nd2 Qb7 20.Nf1 b5 21.Ne3 bxa4 22.bxa4 Rac8
23.Nd5 Bxd5 24.cxd5 Rc7 25.Rab1 Qc8 26.Rdc1 Rdd7 27.Rxc7 Rxc7 28.Rb6 Rc3
29.Qb1 Bf8 30.Qb2 Rc4 31.Bxd6 Bxd6 32.Rxd6 f6 33.Qb6 Kf7 34.Rc6 Rxc6 35.dxc6 Ke7
36.Qc5+ Ke8 37.Qd5 Kf8 38.Qd6+ Ke8 39.c7 Qd7 40.Qc5 Qc8 41.Qc6+ Ke7 42.a5 h5
43.f3 h4 44.Kf2 g6 45.Ke2 f5  1-0

[Event "Masters"]
[Site "Bunratty IRL"]
[Date "2007.02.24"]
[Round "4"]
[White "Mannion,S"]
[Black "Wuts,F"]
[Result "1-0"]
[WhiteElo "2337"]
[BlackElo "2277"]

1.e4 d6 2.d4 Nf6 3.Nc3 c6 4.f4 Qa5 5.e5 Ne4 6.Qf3 Bf5 7.Bd3 Nxc3 8.Bd2 Bxd3
9.cxd3 Qd5 10.bxc3 Qxf3 11.Nxf3 h6 12.Ke2 Nd7 13.Rhb1 O-O-O 14.Rb3 dxe5 15.fxe5 e6
16.Rab1 Nb6 17.c4 Rd7 18.a4 Kb8 19.a5 Nc8 20.Be3 g5 21.Nd2 Ne7 22.Ne4 Nf5
23.g4 Nxe3 24.Kxe3 Be7 25.Rf1 Rh7 26.Rb2 a6 27.Rbf2 Bd8 28.Nf6 Bxf6 29.Rxf6 Kc8
30.c5 Kc7 31.R1f3 Kc8 32.Rh3 Rh8 33.Rfxh6 Rhd8 34.Rh8 Rxd4 35.Rxd8+ Rxd8
36.Rh7 Rf8 37.Rg7 Rh8 38.Rxg5 Rxh2 39.Rg7 Ra2 40.Rxf7 Rxa5 41.g5 Rxc5 42.g6 Rxe5+
43.Kd2 Rg5 44.g7 a5 45.Rf8+ Kd7 46.g8=Q Rxg8 47.Rxg8 b5 48.Kc3 c5 49.Ra8 a4
50.Ra6 e5 51.Rb6 b4+ 52.Kc4 a3 53.Ra6  1-0

[Event "Open A"]
[Site "Cannes FRA"]
[Date "2007.02.24"]
[Round "8"]
[White "Gorse,G"]
[Black "Dimitrov,C"]
[Result "0-1"]
[WhiteElo "2054"]
[BlackElo "2299"]

1.d4 d6 2.e4 Nf6 3.Nc3 c6 4.Nf3 Bg4 5.a4 e6 6.h3 Bh5 7.g4 Bg6 8.Bd3 d5 9.e5 Nfd7
10.h4 c5 11.Ne2 Nc6 12.c3 Rc8 13.Bxg6 hxg6 14.Kf1 cxd4 15.cxd4 Qb6 16.Kg2 Na5
17.Nc3 Rc4 18.Ra2 Qb3 19.Qxb3 Nxb3 20.Be3 Bb4 21.Nb5 a6 22.Nd6+ Bxd6 23.exd6 f6
24.Ra3 Na5 25.b4 Nc6 26.b5 Nb4 27.bxa6 bxa6 28.Rb1 a5 29.Nd2 Rc6 30.Kg3 Nb8
31.Nb3 Rc3 32.Rc1 Rxc1 33.Bxc1 N8c6 34.Bd2 Kd7 35.Nxa5 Ra8 36.Nb7 Nc2 37.Rc3 N2xd4
38.Rd3 Ra7 39.Nc5+ Kxd6 40.Nb3 Rxa4 41.Nxd4 Nxd4 42.f3 e5 43.Be3 Nc6 44.Bc1 d4
45.Rb3 f5 46.Rb7 Ra7 47.Rxa7 Nxa7 48.Ba3+ Ke6 49.Kf2 Nb5 50.Bf8 Kf7 51.Bb4 Nc7
52.Ke2 Ke6 53.Bf8 Ne8 54.h5 gxh5 55.gxh5 Kf7 56.h6 gxh6 57.Bxh6 Ke6 58.Bc1 Kd5
59.Bb2 Nd6  0-1

[Event "TCh-BEL 2006-7"]
[Site "Belgium BEL"]
[Date "2007.02.25"]
[Round "9"]
[White "Zaragatski,I"]
[Black "Hautot,S"]
[Result "1-0"]
[WhiteElo "2445"]
[BlackElo "2361"]

1.e4 d6 2.d4 Nf6 3.Nc3 Nbd7 4.Nf3 e5 5.Bc4 Be7 6.O-O O-O 7.Re1 c6 8.a4 b6
9.b3 a6 10.Bb2 Bb7 11.Bd3 Qc7 12.Ne2 Nh5 13.h3 g6 14.Qd2 Bf6 15.Nh2 Qd8 16.g3 Bg5
17.Qd1 Bh6 18.Ng4 Bg7 19.Qd2 exd4 20.Bxd4 Ne5 21.Nxe5 dxe5 22.Be3 Qc7 23.Red1 Nf6
24.Nc3 Rfe8 25.a5 b5 26.Bb6 Qe7 27.Bf1 Bc8 28.Qd6 Bf8 29.Qxe7 Bxe7 30.Bg2 Nd7
31.Bc7 Bb4 32.Na2 Bc5 33.b4 Ra7 34.Bd6 Bxd6 35.Rxd6 Rc7 36.Rad1 Kf8 37.Nc1 c5
38.Nd3 Ke7 39.bxc5 Nxc5 40.Nxe5  1-0

[Event "14th Belisce Metalis Open"]
[Site "Bizovac CRO"]
[Date "2007.02.25"]
[Round "7"]
[White "Rogulj,B"]
[Black "Jovanovic,Zo CRO"]
[Result "0-1"]
[WhiteElo "2389"]
[BlackElo "2557"]

1.e4 d6 2.d4 Nf6 3.Nc3 e5 4.Nf3 Nbd7 5.Bc4 Be7 6.O-O O-O 7.Re1 c6 8.a4 h6
9.h3 Re8 10.b3 Qc7 11.Bb2 Nf8 12.Qd2 Ng6 13.Rad1 a6 14.Bf1 b5 15.d5 bxa4
16.Nxa4 cxd5 17.exd5 Bf5 18.Bc4 Qb7 19.Nc3 Rec8 20.Ba3 Bf8 21.Nh2 Bd7 22.Nf1 Ne8
23.Ra1 Nc7 24.Ne4 Ne8 25.Qa5 Bb5 26.Ne3 Qd7 27.Nc3 Rab8 28.Nxb5 axb5 29.Bd3 Ne7
30.g4 g6 31.Bb2 Bg7 32.Qb4 Nf6 33.Ra6 Rd8 34.Qd2 Nexd5 35.Nxd5 Nxd5 36.Bf1 Nf4
37.Ba3 Bf8 38.Bb4 h5 39.Qd1 hxg4 40.hxg4 Qb7 41.Ra5 Qc6 42.Bd2 Ne6 43.Be3 d5
44.Ba7 Rb7 45.Rxe5 Qc7 46.Rxe6 Qxa5  0-1

[Event "Masters"]
[Site "Bunratty IRL"]
[Date "2007.02.25"]
[Round "6"]
[White "Wolferink,F"]
[Black "Collins,S IRL"]
[Result "1/2-1/2"]
[WhiteElo "2149"]
[BlackElo "2398"]

1.e4 d6 2.d4 Nf6 3.Nc3 e5 4.Bg5 Be7 5.dxe5 dxe5 6.Nf3 Nbd7 7.Bc4 O-O 8.O-O c6
9.a4 h6 10.Bh4 Nh5 11.Bg3 Nxg3 12.hxg3 Bb4 13.Na2 Bc5 14.Nc1 Qf6 15.Nd3 Bd6
16.b4 Nb6 17.Bb3 Bg4 18.Qe2 Rfe8 19.Qe3 Bxf3 20.gxf3  1/2-1/2

[Event "X Malaga Open"]
[Site "Campillos ESP"]
[Date "2007.02.25"]
[Round "2"]
[White "Lopez,Jo"]
[Black "Strikovic,A"]
[Result "0-1"]
[WhiteElo "2271"]
[BlackElo "2557"]

1.d4 d6 2.e4 Nf6 3.Nc3 e5 4.dxe5 dxe5 5.Qxd8+ Kxd8 6.Bc4 Ke8 7.Bg5 Nbd7 8.f3 c6
9.a4 a5 10.Nb1 Nb6 11.Bb3 Nfd7 12.c3 Nc5 13.Bc2 Be6 14.Nd2 Be7 15.Be3 Nc4
16.Nxc4 Bxc4 17.Ne2 Kd7 18.Rd1+ Kc7 19.Nc1 f6 20.Kf2 Rhb8 21.b3 Be6 22.Nd3 Nxd3+
23.Rxd3 b5 24.axb5 cxb5 25.Ra1 Bd7 26.Rd2 a4 27.Bd1 a3 28.Rda2 b4 29.cxb4 Bxb4
30.Rc1+ Kd8 31.Bd2 Bd6 32.Rc3 Be6 33.Bc1 Bb4 34.Rd3+ Ke7 35.Bd2 Bxd2 36.Rdxd2 Bxb3
37.Bxb3 Rxb3 38.Ke2 Rc8 39.Rd3 Rb2+ 40.Rd2 Rcb8 41.Rxa3 Rxd2+ 42.Kxd2 Rb2+
43.Ke3 Rxg2 44.Ra7+ Kf8 45.f4 exf4+ 46.Kxf4 Rxh2 47.Kf5 Rh5+ 48.Kf4 Re5 49.Rb7 h5
50.Ra7 Kg8 51.Ra1 Kh7 52.Ra8 Rb5 53.Ra3 Kh6 54.Rc3 Rb1 55.Ra3 Rf1+  0-1